| 000 | 00548nam a2200181Ia 4500 | ||
|---|---|---|---|
| 005 | 20250512112904.0 | ||
| 008 | 240825s9999 xx 000 0 und d | ||
| 020 |
_a9788131611272 _qhbk |
||
| 041 | _aeng | ||
| 082 |
_a305.26 _bPAL |
||
| 100 | _aPalackal,Antony | ||
| 245 | 0 |
_aAgeing, Care and Wellbeing:Reinventing Social Gerontology _c/Antony Palackal |
|
| 260 |
_bRawat Publication _c2021 _aJaipur |
||
| 300 |
_a347 p. _c24 cm. |
||
| 504 | _aBib and Ref | ||
| 650 | _aAgeing: Dimensions and Dynamic; Women;Ageing and Care; | ||
| 942 | _cENGLISH | ||
| 999 |
_c542090 _d542090 |
||